La vida, creadora de rocas : la función constructora de los seres microscópicos y la génesis de hullas y petróleos. /
Guardado en:
| Autor Principal: | |
|---|---|
| Formato: | Libro |
| Idioma: | Spanish |
| Publicado: |
Buenos Aires :
EUDEBA,
1960.
|
| Etiquetas: |
Agregar Etiqueta
Sin Etiquetas, Sea el primero en etiquetar este registro!
|
| LEADER | 00518nam a22001335a 4500 | ||
|---|---|---|---|
| 001 | EUN.um022662 | ||
| 008 | 041125s1960####ag#a##########000#0#spa#d | ||
| 005 | 20080227152845.0 | ||
| 245 | 1 | 3 | |a La vida, creadora de rocas : |b la función constructora de los seres microscópicos y la génesis de hullas y petróleos. / |c Georges Deflandre. |
| 260 | |a Buenos Aires : |b EUDEBA, |c 1960. | ||
| 300 | |a 60 p. : |b ilus. ; |c 24,5 cm. | ||
| 100 | 1 | |a Deflandre, Georges. | |
| 082 | 0 | 4 | |a 552 |
| 859 | |a Ar-BaUNS |b BIB. CENTRAL - Sector C |h 552 |i D361-1 |p 52132/969 |t Ej.2 | ||
